000 00874nam a2200253 i 4500
001 bg
100 1 _aSCHILLER, Friedrich
_d(1759-1805)
245 1 0 _aMaria Stuart :
_bein Trauerspiel /
_cFriedrich Schiller ; mit Anm. von Christian Grawe und einem enstehungsgeschichtlichen Anh. von Dietrich Bode.
260 _aStuttgart :
_bPhilipp Reclam,
_c2004.
300 _a168 s. ;
_c15 cm.
490 1 _aUniversal-Bibliothek ;
_vNr 64
650 9 _aDramat niemiecki
_y18-19 w.
700 1 _aGRAWE, Christian
700 1 _aBODE, Dietrich
830 _aUniversal-Bibliothek ;
020 _a3150000645
040 _cBPK
041 0 _ager
080 _a821.112.2-2
920 _a3-15-000064-5
942 _cKS
008 s pl f |000 0 pol
999 _c45952
_d45952
856 _uhttp://koha.tu.koszalin.pl/cgi-bin/koha/opac-detail.pl?biblionumber=45952
_yKatalog online BPK